| 000 | 00532nam a22001577a 4500 | ||
|---|---|---|---|
| 005 | 20251113115126.0 | ||
| 008 | 251113b |||||||| |||| 00| 0 eng d | ||
| 020 | _a979-8-88715-348-3 | ||
| 100 | _aLANGMORE, TOM H. | ||
| 245 | _aMARINE ELECTRICAL TECHNOLOGY | ||
| 260 |
_aDUBLIN _bORYSON PRESS _c2024 |
||
| 300 | _aVI, 286P. | ||
| 500 | _aINCUDES INDEX | ||
| 650 | _a1. MARINE ENGINEERING -ELECTRICAL ENGINEERING 2. SHIPS - ELECTRICAL SYSTEMS- MAINTENANCE AND REPAIR 4. MARINE ENGINEERING -STUDY AND TEACHING | ||
| 942 |
_2lcc _cBK |
||
| 999 |
_c216182 _d216182 |
||